000 01252cab a2200205 4500
001 ##L136508
008 070205n2007 000 0 eng u
035 _a(Sirsi) u136508
041 0 _aeng
110 2 _aHome Builders Federation
_94896
245 0 0 _aUK housebuilders to adopt design principles
_h[electronic resource]
260 _c2007
490 0 _aHome Builders Federation Press Release
_v1 February 2007
520 _aThe HBF and the Prince's Foundation have recognised 11 new house building developments for adopting Foundation design principles pioneered in Poundbury. These include neighbourhoods having local amenities, a distinctive local character, public space, more welcoming streets, and designs that don't date. Both organisations have made a joint commitment to ensure these principles are adopted more widely by the UK house building industry. Includes details of the housing developments and the criteria they were assessed against.
590 _aKA
651 4 _aUnited Kingdom
_y
690 _aBUILT ENVIRONMENT-CONSTRUCTION DESIGN
856 4 0 _uhttps://www.hbf.co.uk/index.php?id=1577&tx_ttnews%5btt_news%5d=10164&tx_ttnews%5bbackPid%5d=819&cHash=a4425b83ae
_zView the item free of charge at www.hbf.co.uk...
942 _n0
999 _c78321
_d78321